000 00364nam a2200145Ia 4500
005 20251222143252.0
008 251222s9999||||xx |||||||||||||| ||spa||
020 _a9786124218019
082 _a340/G78
100 _aGrández, Pedro
245 0 _aLa Argumentación Jurídica en el Estado Constitucional
250 _a1ra. ed.
264 _bPlestra
942 _cLIB
999 _c15013
_d15013